Alicia en el país de las maravillas / (Registro nro. 11945)

Detalles MARC
000 -LIDER
fixed length control field 00653nam a22002537a 4500
001 - NÚMERO DE CONTROL
Identificador de número de control 0011760
003 - IDENTIFICACDOR DE NÚMERO DE CONTROL
control field DO-SdBNP
005 - DATE AND TIME OF LATEST TRANSACTION
control field 20180212130649.0
007 - CAMPOS FIJOS DE DESCRIPCIÓN FÍSICA
fixed length control field 0011760
008 - ELEMENTOS DE LONGITUD FIJA
fixed length control field 161114b 1963 sp||||| |||| 00| 0 spa d
016 7# - NO. DE CONTROL DE LA AGENCIA BIB. NACIONAL
Record control number
Canceled/invalid record control number
017 ## - NÚMERO DE REGISTRO DE DERECHOS DE AUTOR
Copyright or legal deposit number
Assigning agency
035 ## - NÚMERO LOCAL
System control number
040 ## - FUENTE DE CATALOGACIÓN
Agencia que crea de manera original el registro BPMSU
Idioma de catalogación spa
Agencia que realiza la transcripción BPMSU
080 #4 - NÚMERO DE CLASIFICACIÓN DECIMAL UNIVERSAL
Universal Decimal Classification number
082 ## - NÚMERO DE CLASIFICACIÓN DECIMAL DE DEWEY
Classification number xxxxxxxx
Item number xxxxxxxxx
100 1# - ASIENTO PRINCIPAL -- NOMBRE PERSONAL
Nombre personal Carroll, Lewis
245 10 - MENCIÓN DE TITULO
Título Alicia en el país de las maravillas /
Mención de responsabilidad Lewis Carroll
Medio (Designación general de material)
260 ## - PUBLICACIÓN, DISTRIBUCIÓN, ETC. (PIE DE IMPRENTA)
Lugar de publicación, distribución, etc Barcelona :
Nombre del editor, distribuidor, etc. Editorial Mateu,
Fecha de publicación, distribución, etc 1963.
300 ## - DESCRIPCIÓN FÍSICA
Extensión 218 p. :
Otros detalles físicos il.,
Dimensiones 19 cm.
942 ## - ADDED ENTRY ELEMENTS (KOHA)
Source of classification or shelving scheme Dewey Decimal Classification
Koha item type Libros
945 ## - INFORMACIÓN DE PROCESAMIENTO LOCAL
Información de procesamiento local inventariado, 2018 / dg
956 ## - LOCAL ELECTRONIC LOCATION AND ACCESS (OCLC)
Nombre de host BTAVÁREZ
Método de acceso 10
Enlace BPMSU
Campo enlazado y núm. de secuencia 0011760
Existencias
Withdrawn status Lost status Source of classification or shelving scheme Damaged status Not for loan Collection code Home library Current library Date acquired Source of acquisition Total Checkouts Full call number Barcode Date last seen Price effective from Koha item type
    Dewey Decimal Classification     Colección Juvenil General Biblioteca Pública Metropolitana Salomé Ureña Biblioteca Pública Metropolitana Salomé Ureña 11/14/2016 Fundi   xxxxxxxx xxxxxxxxx BPMSU16111302 11/14/2016 11/14/2016 Libros